Geography Quiz

Random Geography or State Quiz

Hardee's or Carl's Jr State? Quiz Stats

 Plays Quiz not verified by Sporcle

Also try: Land Area by State
Challenge
Share
Tweet
Embed
Score 0/42 Timer 01:30
0 Plays Today
State Hardee's/Carl's Jr % Correct
Alabama???
87.5%
California???
84.1%
Georgia???
81.8%
Arizona???
78.4%
Colorado???
78.4%
Hawaii???
78.4%
Idaho???
78.4%
Oklahoma???
77.3%
Kentucky???
76.1%
Alaska???
75%
Arkansas???
75%
Florida???
75%
Indiana???
75%
Kansas???
75%
Michigan???
75%
Delaware???
73.9%
Louisiana???
73.9%
Mississippi???
73.9%
North Carolina???
73.9%
Maryland???
72.7%
Missouri???
72.7%
State Hardee's/Carl's Jr % Correct
Illinois???
71.6%
Nevada???
71.6%
New Mexico???
71.6%
Minnesota???
70.5%
Wyoming???
70.5%
Iowa???
69.3%
Nebraska???
69.3%
Ohio???
68.2%
Tennessee???
68.2%
Oregon???
65.9%
South Carolina???
65.9%
Utah???
62.5%
Virginia???
61.4%
Wisconsin???
61.4%
Pennsylvania???
60.2%
West Virginia???
60.2%
Washington???
56.8%
South Dakota???
51.1%
North Dakota???
50%
Texas???
42%
Montana???
31.8%

You're not logged in!

Compare scores with friends on all Sporcle quizzes.
OR
Log In

You Might Also Like...

Show Comments

Extras

Created Nov 1, 2012SourceReportNominate
Tags:State Quiz, carl

Top Quizzes Today


Score Distribution

Your Account Isn't Verified!

In order to create a playlist on Sporcle, you need to verify the email address you used during registration. Go to your Sporcle Settings to finish the process.

Report this User

Report this user for behavior that violates our Community Guidelines.

Details: